000 00571nam a2200217 a 4500
999 _c6334
_d6334
001 6334
003 BD-JhCC
005 20200116134008.0
008 180121b xxu||||| |||| 00| 0 eng d
035 _a(BD-JhCC)6334
040 _aBD-JhCC
_dBD-JhCC
041 _aeng
082 _a297.960
_bTRI 1959
100 _aTrimingham, J. Spencer
245 _aIslam in west Africa /
_cJ. Spencer Trimingham
260 _aGreat Britain :
_bOxford at the Clarendon Press,
_c1959.
300 _a262 p. :
_c22 cm.
650 _aWest Africa
942 _2ddc
_cBK
_01